| 000 | 01065nas a2200337 4500 | ||
|---|---|---|---|
| 001 | BR0205536 | ||
| 003 | BR-BrBNA | ||
| 005 | 20231205103354.0 | ||
| 007 | ta | ||
| 008 | 230509b bl.|||p| |||| 00| 00por d | ||
| 040 |
_aBR-BrBNA _bpor _cBiblioteca Nacional de Agricultura |
||
| 041 | _a(Pt) | ||
| 072 | _aF02; F62; P34 | ||
| 100 | 1 | _aLocatelli, L.M. | |
| 100 | 1 | _aLovato, P.E. | |
| 100 | 1 | _aPedrotti, E.L. | |
| 245 | 1 | _aCrescimento e desenvolvimento radicular do porta-enxerto de macieira Marubakaido (Malus prunifolia)micropropagado submetido à inoculação micorrízica e à poda de raízes | |
| 650 | _aMAÇÃ | ||
| 650 | _aPORTA ENXERTO | ||
| 650 | _aCRESCIMENTO | ||
| 650 | _aMICORRIZA | ||
| 650 | _aINOCULAÇÃO ARTIFICIAL | ||
| 650 | _aPODA | ||
| 650 | _aFUNGO | ||
| 650 | _aMICROPROPAGAÇÃO | ||
| 650 | _aRAIZ | ||
| 650 | _aSANTA CATARINA | ||
| 773 | 0 |
_tRevista Brasileira de Fruticultura (Brazil) _xISSN 0100-2945 _g(Aug 2002), v. 24(2) p. 485-490 _wBR0205536 |
|
| 909 |
_a202311 _bLúcia _c55 _dLúcia Elande |
||
| 942 |
_2AGRIS _n0 _cANA |
||
| 999 |
_c172511 _d172511 |
||